| 000 | 00400cam a2200157ua 4500 | ||
|---|---|---|---|
| 082 |
_a631.3 _bMEH/TE |
||
| 100 |
_aMehta, M L . _9235 |
||
| 245 | 0 | 0 | _aTesting and evaluation of agricultural machinery |
| 300 |
_a ; _e`. |
||
| 700 | 1 |
_aMetha, M L . _9236 |
|
| 700 | 1 |
_aVerma, . _9237 |
|
| 700 | 1 |
_aVerma, S R . _9238 |
|
| 700 | 1 |
_aVerma, S R . _9238 |
|
| 700 | 1 |
_aVerma, S.R . _9239 |
|
| 942 | _cBK | ||
| 999 |
_c13038 _d13038 |
||